Normal view
MARC view
Entry Personal Name
001 - CONTROL NUMBER
- control field: 75954
003 - CONTROL NUMBER IDENTIFIER
- control field: OSt
005 - DATE AND TIME OF LATEST TRANSACTION
- control field: 20190715162600.0
008 - FIXED-LENGTH DATA ELEMENTS
- fixed length control field: 190715|| aca||aabn | a|a d
040 ## - CATALOGING SOURCE
- Original cataloging agency: OSt
- Transcribing agency: OSt
100 ## - HEADING--PERSONAL NAME
- Personal name: Samanta, Suman Kalyan
670 ## - SOURCE DATA FOUND
- Source citation: Work cat.: (OSt): Samanta, Suman Kalyan , Development for The Communities and Country : Role of Anthropology, 2015









